Modern trigonometry (Record no. 1297)
[ view plain ]
| 000 -LEADER | |
|---|---|
| fixed length control field | 00582cam a22001931 4500 |
| 001 - CONTROL NUMBER | |
| control field | 6564975 |
| 005 - DATE AND TIME OF LATEST TRANSACTION | |
| control field | 20241118161821.0 |
| 008 - FIXED-LENGTH DATA ELEMENTS--GENERAL INFORMATION | |
| fixed length control field | 760928s1962 maua 000 0 eng |
| 050 00 - LIBRARY OF CONGRESS CALL NUMBER | |
| Classification number | QA531 |
| Item number | .W32 |
| 082 ## - DEWEY DECIMAL CLASSIFICATION NUMBER | |
| Classification number | 514 |
| 100 1# - MAIN ENTRY--PERSONAL NAME | |
| Personal name | Welchons, A. M. |
| Fuller form of name | (Alvie M.), |
| Dates associated with a name | 1894-1952. |
| 245 10 - TITLE STATEMENT | |
| Title | Modern trigonometry |
| Statement of responsibility, etc. | [by] A. M. Welchons, W. R. Krickenberger, and Helen R. Pearson. |
| 260 ## - PUBLICATION, DISTRIBUTION, ETC. | |
| Place of publication, distribution, etc. | Boston, |
| Name of publisher, distributor, etc. | Ginn and Company |
| Date of publication, distribution, etc. | [1962] |
| 300 ## - PHYSICAL DESCRIPTION | |
| Extent | 327, 81 p. |
| Other physical details | illus. |
| Dimensions | 24 cm. |
| 650 #0 - SUBJECT ADDED ENTRY--TOPICAL TERM | |
| Topical term or geographic name entry element | Trigonometry. |
| 700 ## - ADDED ENTRY--PERSONAL NAME | |
| Personal name | Krickenberger, W. R. |
| 700 ## - ADDED ENTRY--PERSONAL NAME | |
| Personal name | Pearson, Helen R. |
| 942 ## - ADDED ENTRY ELEMENTS (KOHA) | |
| Source of classification or shelving scheme | Library of Congress Classification |
| Koha item type | Books |
| Suppress in OPAC | No |
| 999 ## - | |
| -- | 1297 |
| -- | 1297 |
| Withdrawn status | Lost status | Source of classification or shelving scheme | Damaged status | Not for loan | Collection | Home library | Current library | Shelving location | Date acquired | Total checkouts | Full call number | Barcode | Date last seen | Copy number | Price effective from | Koha item type |
|---|---|---|---|---|---|---|---|---|---|---|---|---|---|---|---|---|
| Library of Congress Classification | Non-fiction | Science Library (Miotso) | Science Library (Miotso) | General stacks | 11/18/2024 | QA531 .W43 WEL | SLM00000662 | 11/18/2024 | 1 | 11/18/2024 | Books |